| 000 | 01052nam a2200349 a 4500 | ||
|---|---|---|---|
| 003 | AR-BaBNM | ||
| 005 | 20251128205742.0 | ||
| 008 | 082120s2002 ||||||||||||||000 | spa|| | ||
| 020 | _a84-8164-183-9 | ||
| 040 | _cAR-BaBNM | ||
| 100 | 1 | _aGonzález Labra, María José | |
| 245 | 0 | 0 |
_aAprendizaje por analogía _banálisis del proceso de Inferencia Analógica para la adquisición de nuevos conocimientos |
| 260 |
_aMadrid _bTrotta _c1997 |
||
| 300 |
_a187 p. _btablas, gráfs. |
||
| 490 | 0 | _aEstructuras y procesos. Cognitiva | |
| 500 | _aReferencias bibliográficas: p. 163-177 | ||
| 500 | _aAnexos: 179-183 | ||
| 650 | 4 | _aAPRENDIZAJE | |
| 650 | 4 | _aCONOCIMIENTO | |
| 650 | 4 | _aRAZONAMIENTO | |
| 650 | 4 | _aCONCEPTOS | |
| 650 | 4 | _aPROCESO DE APRENDIZAJE | |
| 650 | 4 | _aCIENCIAS NATURALES | |
| 651 | 4 | _aEspaña | |
| 653 | _aINVESTIGACION EDUCATIVA | ||
| 653 | _aEDUCACION SECUNDARIA | ||
| 653 | _aANALOGIA | ||
| 653 | _aAPRENDIZAJE SIGNIFICATIVO | ||
| 800 | 1 |
_aPeraita, Herminia _ecoordinador |
|
| 942 | _cBK | ||
| 998 | _carturo | ||
| 999 |
_c12680 _d12680 |
||